| 000 | 01093nam a22003617a 4500 | ||
|---|---|---|---|
| 001 | 0069354 | ||
| 003 | KOHA_MİRAKIL | ||
| 005 | 20260207004840.0 | ||
| 007 | ta | ||
| 008 | 230914b1992 tu |||gr||||#0|||0|tur | | ||
| 020 | _a9758052837 | ||
| 040 |
_aTR-BiSEU _btur _cTR-BiSEU _erda |
||
| 041 | 0 | _atur | |
| 044 | _ctu | ||
| 050 |
_aRC69 _b.I2 2013 |
||
| 245 | 0 |
_aİç hastalıkları (Semiyoloji)/ _cYılmaz Çakaloğlu, Şehmuz Ertop, Abdülkadir Kaysı, Emine Koçyiğit; editör Senay Molvalılar. |
|
| 264 | 1 |
_aİstanbul : _bAlfa Yayınları _c1992 |
|
| 300 | _a565 sayfa: resimli; 24 cm. | ||
| 336 |
_ametin _btxt _2rdacontent |
||
| 337 |
_aaracısız _bn _2rdamedia |
||
| 338 |
_acilt _bnc _2rdacarrier |
||
| 490 | 1 |
_aYayın no ; _v17. |
|
| 490 | 1 |
_aTıp dizisi ; _v1 |
|
| 500 | _aKaynakça ve dizin var. | ||
| 650 | 0 |
_aİç hastalıkları. _974780 |
|
| 650 | 0 |
_aSemiyoloji. _9134111 |
|
| 650 | 0 |
_aInternal Medicine. _9134112 |
|
| 650 | 0 |
_aSemiology. _9134113 |
|
| 830 | 1 |
_aYayın no ; _v17. _91619 |
|
| 830 | 1 |
_aTıp dizisi ; _v1 _9134114 |
|
| 907 | _aTıp | ||
| 942 |
_2lcc _cBK |
||
| 999 |
_c70102 _d70102 |
||